000 00683nam a2200241Ia 4500
003 OSt
005 20220927110354.0
006 a|||||r|||| 00| 0
007 ta
008 220926b |||||||| |||| 00| 0 eng d
024 _a55435
037 _cReports
040 _aRTL
_cRTL
_beng
041 _2eng
_aeng
082 _a"X:97D.3.M.N7, L8"
100 _aTaylor Robert
_9376984
245 0 _aFifth estate
_b Britain's unions in the seventics
260 _aLondon
_bRoutledge UK
_c1978
300 _a"xvi,368p Bib p 341-6"
_ccm.
650 _aTrade Unions
942 _h"X:97D.3.M.N7, L8"
_cCC
999 _c695963
_d695963